• 首页
  • 本馆介绍
  • 公告通知
  • 最新文献
  • 馆藏检索
  • 电子资源
  • 读者导购
  • 参考咨询
  • 我的图书馆
  • 登录
  • 详细信息显示
  • 放入我的书架
  • 预约/预借图书
  • 作者相关作品
  • 分类相关作品
  • 丛书相关作品
  • 出版社相关作品

书目信息

  • 表格格式
  • 工作单格式
  • 卡片格式
题名:
电子计算机与医学
    
 
作者: 马斌荣 编
分册:  
出版信息: 哈尔滨   黑龙江科学技术出版社  1982
页数: 57页
开本: 19cm
丛书名: 卫生管理干部进修丛书
单 册:
中图分类: R319
科图分类:
主题词: 计算机应用-医学 , 医学-计算机应用
电子资源:
ISBN: 14217.015
000 00727oam2 2200265 450
001 0187201770
005 20100712222246.0
010    @a14217.015@dCNY0.28
091    @a14217.015
100    @a19960215d1982 em y0chiy0110 ea
101 0  @achi
102    @aCN@b230000
105    @ay z 000yy
106    @ar
200 1  @a电子计算机与医学@9Dian Zi Ji Suan Ji Yu Yi Xue @f马斌荣编
210    @a哈尔滨@c黑龙江科学技术出版社@d1982
215    @a57页@d19cm
225 2  @a卫生管理干部进修丛书
461  0 @12001 @a卫生管理干部进修丛书
606 0  @a计算机应用-医学
606 0  @a医学-计算机应用
690    @aR319@v3
701  0 @a马斌荣@9ma bin rong@4编
801  0 @aCN@bAzMarc@c20130904
905    @aBZT@dR319@e12@f4@sR319/12
    
    电子计算机与医学/马斌荣编.-哈尔滨:黑龙江科学技术出版社,1982
    57页;19cm.-(卫生管理干部进修丛书)
    
    
    ISBN 14217.015:CNY0.28
    
●
相关链接 在五车中查询图书 在当当中查询图书 在豆瓣中查询图书


正题名:电子计算机与医学     索取号:R319/12         预约/预借

序号 登录号 条形码 馆藏地/架位号 状态 备注
1 2000036321   2000036321   旧书回溯/ [索取号:R319/12] 在馆    
2 2000036322   2000036322   旧书回溯/ [索取号:R319/12] 在馆    
3 2000138727   2000138727   旧书回溯/ [索取号:R319/12] 在馆    
4 2000138728   2000138728   旧书回溯/ [索取号:R319/12] 在馆    
山东省滨州职业学院图书馆 欢迎您!
大连网信软件有限公司© 版权所有